000 00522nam a2200205Ia 4500
005 20240605100727.0
008 131103s9999 xx 000 0 und d
040 _aLoreto College
041 _aEnglish
082 _a511
_bPER
245 2 _aA first course of statistics
_cRevised by Fr. R A Pereira
260 _aBombay
_bMacmillan
_c1967
300 _aiii,104p.
504 _aIncludes index
650 _aArithmetic
651 _aStatistics
700 _aPereira, Fr. R A; rev.
850 _aLCBED
942 _cBK
999 _c28462
_d78941